Sindicalización en México durante el periodo 1984-2006 = Unionization in Mexico during the neoliberal period 1984-2006 /
Сохранить в:
| Главный автор: | |
|---|---|
| Формат: | Текст |
| Метки: |
Добавить метку
Нет меток, Требуется 1-ая метка записи!
|
MARC
| LEADER | 00000 a a2200000 04500 | ||
|---|---|---|---|
| 001 | 48578 | ||
| 003 | |||
| 040 | |||
| 100 | |a Zepeda Martínez, Roberto | ||
| 245 | |a Sindicalización en México durante el periodo 1984-2006 = |b Unionization in Mexico during the neoliberal period 1984-2006 / |c Roberto Zepeda Martínez | ||
| 773 | |g número146, (2014), páginas 35-53 | ||
| 999 | |c 24065 |d 24065 | ||
| 773 | 0 | |0 18728 |9 1630 |a Universidad de Costa Rica |d San José, Costa Rica Editorial UCR 1956- |o 18147 |t Revista de Ciencias Sociales/ |x 04825276 | |
